000 00370 a2200145 4500
005 20250813112809.0
008 250813b |||||||| |||| 00| 0 eng d
020 _a9788131787038
041 _aEnglish
100 _aBansal V.
_9115403
245 _aEnterprise Resource Planning
_b : A Managerial Perspective
260 _bPearson
_c2013
300 _a203
942 _cBK
999 _c367272
_d367272